| 000 | 00753nam a2200253Ia 4500 | ||
|---|---|---|---|
| 003 | OSt | ||
| 005 | 20220925204857.0 | ||
| 006 | a|||||r|||| 00| 0 | ||
| 007 | ta | ||
| 008 | 220923b |||||||| |||| 00| 0 eng d | ||
| 037 | _cGeneral Book | ||
| 040 |
_aRTL _cRTL _beng |
||
| 041 |
_2eng _aeng |
||
| 082 | _aX.5923.N7, L2 | ||
| 100 |
_aBicanic Rodolf _9269188 |
||
| 245 | 0 | _aTurning points in eocnomic development | |
| 260 |
_aHague _bMouton _c1972 |
||
| 300 |
_axxiv,265p. _ccm. |
||
| 490 | _aStudies in the Social Science. Ed. by C A O Van Nieuwenhuije.4 | ||
| 500 | _aBibliography: P xi-xxiv | ||
| 650 | _aEconomic Condition Russia | ||
| 942 |
_hX.5923.N7, L2 _cGB _2CC |
||
| 999 |
_c550649 _d550649 |
||